书目信息 |
| 题名: |
自由式滑雪空中技巧运动员落地稳定性的实践研究
|
|
| 作者: | 娄彦涛 著 | |
| 分册: | ||
| 出版信息: | 北京 人民体育出版社 2021.09 |
|
| 页数: | 10,165页 | |
| 开本: | 24cm | |
| 丛书名: | ||
| 单 册: | ||
| 中图分类: | G863.1 | |
| 科图分类: | ||
| 主题词: | 雪上运动--运动技术--研究 | |
| 电子资源: | ||
| ISBN: | 978-7-5009-6056-0 | |
| 000 | 01090nam0 2200241 450 | |
| 001 | 012001000992 | |
| 005 | 20141202101342.0 | |
| 010 | @a978-7-5009-6056-0@dCNY52.00 | |
| 100 | @a20220905d2021 em y0chiy50 ea | |
| 101 | 0 | @achi |
| 102 | @aCN@b110000 | |
| 105 | @aa z 000yy | |
| 106 | @ar | |
| 200 | 1 | @a自由式滑雪空中技巧运动员落地稳定性的实践研究@f娄彦涛著@Azi you shi hua xue kong zhong ji qiao yun dong yuan luo di wen ding xing de shi jian yan jiu |
| 210 | @a北京@c人民体育出版社@d2021.09 | |
| 215 | @a10,165页@c图@d24cm | |
| 300 | @a科技部国家重点研发计划课题 、辽宁省教育厅智库项 目、辽宁省重点研发计划、辽宁省高等学校创新团队项目、科技部国家重点研发计划课题等基金项目资助 | |
| 330 | @a本书分十章,内容包括:绪论、自由式滑雪空中技巧运动员落地稳定性的研究历史与进展、运动员平衡控制能力对落地稳定性的影响——级别、性别、年度、站立方式和视觉类型的影响、视觉和前庭功能对空中技巧运动员姿势控制的影响等。 | |
| 606 | 0 | @a雪上运动@x运动技术@x研究 |
| 690 | @aG863.1@v5 | |
| 701 | 0 | @a娄彦涛@4著@Alou yan tao |
| 801 | 0 | @aCN@bAHXH@c20221111 |
| 905 | @b1362747-51@dG863.1@e108@f5 | |
| 自由式滑雪空中技巧运动员落地稳定性的实践研究/娄彦涛著.-北京:人民体育出版社,2021.09 |
| 10,165页:图;24cm |
| 科技部国家重点研发计划课题 、辽宁省教育厅智库项 目、辽宁省重点研发计划、辽宁省高等学校创新团队项目、科技部国家重点研发计划课题等基金项目资助 |
| ISBN 978-7-5009-6056-0:CNY52.00 |
| 本书分十章,内容包括:绪论、自由式滑雪空中技巧运动员落地稳定性的研究历史与进展、运动员平衡控制能力对落地稳定性的影响——级别、性别、年度、站立方式和视觉类型的影响、视觉和前庭功能对空中技巧运动员姿势控制的影响等。 |
| ● |
| 相关链接 |
|
|
|
|
正题名:自由式滑雪空中技巧运动员落地稳定性的实践研究
索取号:G863.1/108
 
预约/预借
| 序号 | 登录号 | 条形码 | 馆藏地/架位号 | 状态 | 备注 |
| 1 | 1362747 | 213627477 | 第一样本阅览室/ [索取号:G863.1/108] | 在馆 | |
| 2 | 1362748 | 213627486 | 教育系资料室/ [索取号:G863.1/108] | 在馆 | |
| 3 | 1362749 | 213627495 | 教育系资料室/ [索取号:G863.1/108] | 在馆 | |
| 4 | 1362750 | 213627501 | 第四借阅区/ [索取号:G863.1/108] | 在馆 | |
| 5 | 1362751 | 213627510 | 第四借阅区/ [索取号:G863.1/108] | 在馆 |